Guatemala 2000, un proyecto tardío de ajuste en la encrucijada del costo social

Presenta un estudio de los principales enfoques teóricos de ajuste surgidos a raíz de la eliminación del sistema monetario internacional de Bretton Woods, así como un breve análisis de los efectos esperados por su incorporación en la economía guatemalteca tanto en el corto, como en el largo p...

Full description

Bibliographic Details
Main Author: Medina Bermejo, Abelardo
Other Authors: Tutor: Caballeros Escobar, Arnoldo
Format: Tesis Section = Libro
Language:Undetermined
Spanish
Published: Guatemala UNI 1991
Subjects:
LEADER 01303nam a2200205Ia 4500
008 240830s9999 xx 000 0 und d
040 |a BIBLIOTECA-RUSB/ Mon 332.7281 M488 
041 |a spa 
082 |a Mon 332.7281 M488 
100 1 |a Medina Bermejo, Abelardo 
245 1 0 |a Guatemala 2000, un proyecto tardío de ajuste en la encrucijada del costo social 
260 |a Guatemala  |b UNI  |c 1991 
300 |a 167 p. :il. 
502 |a Tesis (Economista) - UNI, 1991. 
520 3 |a Presenta un estudio de los principales enfoques teóricos de ajuste surgidos a raíz de la eliminación del sistema monetario internacional de Bretton Woods, así como un breve análisis de los efectos esperados por su incorporación en la economía guatemalteca tanto en el corto, como en el largo plazo. Además se estudian y analizan los efectos de índole social, enfoque tan descuidado en la elaboración de programas de ajuste externo y que constituyen la razón medular del estudio, debido a que no puede olvidarse o soslayarse a la sociedad, ya que es esta la que en última instancia “recibe o cosecha" los frutos de todos aquellos fenómenos que la aquejan. 
650 7 |a ECONOMÍA FINANCIERA-GUATEMALA 
700 1 |a Tutor:  |b Caballeros Escobar, Arnoldo 
942 |c BK  |2 ddc 
991 |a TESIS 
999 |c 19888